00326pab a2200121 454500008004000000100002100040245006400061260000900125300001500134362001200149650002000161773002300181180718b2012 xxu||||| |||| 00| 0 eng d aSingh, Vidyawati aIndian foreign policy: A study in context of nuclear policy c2012 ap.100-104. aJul-Dec aNuclear weapons aReview of Politics